Petit Bac #93 - Légendes d'Apex - Statistiques

Statistiques générales
  • Ce quiz a été pris 1 125 fois
    1 102 depuis la dernière actualisation
  • Le résultat moyen est 9 sur 12
Statistiques - réponses
1ère Lettre Légende % Correct
B Bangalore / Bloodhound
93%
W Wattson / Wraith
87%
C Caustic / Crypto
84%
L Lifeline / Loba
84%
O Octane
84%
G Gibraltar
83%
R Rampart / Revenant
79%
P Pathfinder
76%
M Mirage
71%
F Fuse
67%
V Valkyrie
63%
H Horizon
58%
Aucun quiz correspondant
Distribution des résultats
% des personnes avec chaque résultat
Percentile par nombre de réponses
Votre historique - résultats
Vous n’avez pas pris ce quiz depuis la dernière actualisation